| 000 | 00892cam a2200277 i 4500 | ||
|---|---|---|---|
| 001 | 18408 | ||
| 003 | Mx-PuUPA | ||
| 005 | 20260407120901.0 | ||
| 008 | 140415s1992 mx grl 000 0 spa d | ||
| 020 | _a9682444322 | ||
| 040 |
_aMx-PuUPA _bspa _cMx-PuUPA _dMx-PuUPA _erda |
||
| 041 | 0 | _aspa | |
| 100 | 1 |
_aGonzález Rodríguez, Francisco, _911442 _eautor |
|
| 245 | 1 | 0 |
_aLegislación en enfermería / _cFrancisco González Rodríguez |
| 250 |
_aPrimera edición / _benero |
||
| 264 | 1 |
_aMéxico, D.F. : _bEditorial Trillas, _c1992 |
|
| 300 |
_a127 páginas ; _c23 cm |
||
| 336 |
_2rdacontent _atexto _btxt |
||
| 337 |
_2rdamedia _asin medio _bn |
||
| 338 |
_2rdacarrier _avolumen _bnc |
||
| 650 | 7 |
_2armarc _aEnfermería _vLegislación |
|
| 650 | 7 |
_2armarc _aLeyes de salud pública |
|
| 942 |
_2ddc _cLI _h344.0414 _iG63 |
||
| 999 |
_c18408 _d18408 |
||